Central Library OPAC University of Rajshahi

Morphogenesis of skin / (Record no. 73169)

MARC details
000 -LEADER
fixed length control field 00888nam a2200289 a 4500
001 - CONTROL NUMBER
control field 73169
003 - CONTROL NUMBER IDENTIFIER
rucl marc code BD-RjUL
005 - DATE AND TIME OF LATEST TRANSACTION
control field 20211209082346.0
008 - FIXED-LENGTH DATA ELEMENTS--GENERAL INFORMATION
fixed length control field 170528s1976 enka b 001 0 eng d
020 ## - INTERNATIONAL STANDARD BOOK NUMBER
International Standard Book Number 0521206448 :
Terms of availability £10.00 ($30.00 U.S.)
035 ## - SYSTEM CONTROL NUMBER
System control number (BD-RjUL)73387
040 ## - CATALOGING SOURCE
Original cataloging agency DLC
Transcribing agency DLC
Modifying agency BD-RjUL
Language of cataloging eng
041 ## - LANGUAGE CODE
Language code of text/sound track or separate title eng
082 00 - DEWEY DECIMAL CLASSIFICATION NUMBER
Classification number 596
Edition number 23
Author mark and year SEM 1976
100 1# - MAIN ENTRY--PERSONAL NAME
Personal name Sengel, Philippe.
9 (RLIN) 216436
245 10 - TITLE STATEMENT
Title Morphogenesis of skin /
Statement of responsibility, etc. Philippe Sengel.
260 ## - PUBLICATION, DISTRIBUTION, ETC. (IMPRINT)
Place of publication, distribution, etc. Cambridge, Eng. ;
-- New York :
Name of publisher, distributor, etc. Cambridge University Press,
Date of publication, distribution, etc. 1976.
300 ## - PHYSICAL DESCRIPTION
Pagination viii, 277 p. :
Illustrations ill. ;
Size 24 cm.
490 0# - SERIES STATEMENT
Series statement Developmental and cell biology series ; 3
504 ## - BIBLIOGRAPHY, ETC. NOTE
Bibliography, etc Bibliography and index.
650 #0 - SUBJECT ADDED ENTRY--TOPICAL TERM
Topical term or geographic name as entry element Vertebrates
9 (RLIN) 216437
Topical term or geographic name as entry element Skin
9 (RLIN) 216311
Topical term or geographic name as entry element Morphogenesis.
9 (RLIN) 159571
Topical term or geographic name as entry element Skin
General subdivision Growth and development.
9 (RLIN) 216438
942 ## - ADDED ENTRY ELEMENTS (KOHA)
Source of classification or shelving scheme Dewey Decimal Classification
Koha item type Books
Holdings
Lost status Source of classification or shelving scheme Damaged status Not for loan Collection code Permanent Location Current Location Shelving location Date acquired Source of acquisition Cost, normal purchase price Total Checkouts Full call number Date last seen Copy number Koha item type
  Dewey Decimal Classification   Not For Loan Non-fiction Central Library, University of Rajshahi Central Library, University of Rajshahi Reading Room 31/08/1979 Heffers 17.00   596 SEM 1976 28/05/2017 C-1 Books
  Dewey Decimal Classification     Non-fiction Central Library, University of Rajshahi Central Library, University of Rajshahi   31/08/1979 Heffers 17.00   596 SEM 1976 28/05/2017 C-2 Books